Observing classroom language (Record no. 122393)
[ view plain ]
| 000 -LEADER | |
|---|---|
| fixed length control field | 00575nam a22001817a 4500 |
| 008 - FIXED-LENGTH DATA ELEMENTS--GENERAL INFORMATION | |
| fixed length control field | 150311b xxu||||| |||| 00| 0 eng d |
| 020 ## - INTERNATIONAL STANDARD BOOK NUMBER | |
| International Standard Book Number | 0335003249 |
| 050 ## - LIBRARY OF CONGRESS CALL NUMBER | |
| Classification number | PE1128.S937 |
| 100 ## - MAIN ENTRY--PERSONAL NAME | |
| Personal name | Stubbs, Michael |
| 9 (RLIN) | 16178 |
| 245 ## - TITLE STATEMENT | |
| Title | Observing classroom language |
| Statement of responsibility, etc | Michael Stubbs |
| 260 ## - PUBLICATION, DISTRIBUTION, ETC. (IMPRINT) | |
| Place of publication, distribution, etc | Britain |
| Name of publisher, distributor, etc | The Open University Press |
| Date of publication, distribution, etc | 1979 |
| 300 ## - PHYSICAL DESCRIPTION | |
| Extent | 115p. ; |
| Dimensions | 30cm. |
| 440 ## - SERIES STATEMENT/ADDED ENTRY--TITLE | |
| Title | PE 232 |
| Number of part/section of a work | Block 5 |
| 9 (RLIN) | 16595 |
| 650 ## - SUBJECT ADDED ENTRY--TOPICAL TERM | |
| Topical term or geographic name as entry element | English language |
| General subdivision | textbooks for foreign students |
| 9 (RLIN) | 16172 |
| 700 ## - ADDED ENTRY--PERSONAL NAME | |
| Personal name | Twite, Sally |
| 9 (RLIN) | 16173 |
| 700 ## - ADDED ENTRY--PERSONAL NAME | |
| Personal name | Robinson, Bernadette |
| 9 (RLIN) | 16179 |
| 942 ## - ADDED ENTRY ELEMENTS (KOHA) | |
| Source of classification or shelving scheme | Library of Congress Classification |
| Item type | Monograph ( Printed materials) |
| Withdrawn status | Lost status | Source of classification or shelving scheme | Damaged status | Not for loan | Collection code | Home library | Current library | Shelving location | Date acquired | Total Checkouts | Full call number | Barcode | Date last seen | Price effective from | Koha item type |
|---|---|---|---|---|---|---|---|---|---|---|---|---|---|---|---|
| Library of Congress Classification | Main Collection | ARRUPE LIBRARY | ARRUPE LIBRARY | Main Collection | 11/03/2015 | PE1128.S937 | 46500002731 | 27/02/2019 | 11/03/2015 | Monograph ( Printed materials) |